Cáceres, ciudad inmemorial / (Record no. 194362)
[ view plain ]
| 000 -LEADER | |
|---|---|
| campo de control de longitud fija | 01161nam a2200313 i 4500 |
| 001 - NÚMERO DE CONTROL | |
| campo de control | 194362 |
| 003 - IDENTIFICADOR DE NÚMERO DE CONTROL | |
| campo de control | ES-MaACL |
| 005 - FECHA Y HORA DE LA ÚLTIMA TRANSACCIÓN | |
| campo de control | 20260216183914.0 |
| 007 - CAMPO FIJO DE DESCRIPCIÓN FÍSICA--INFORMACIÓN GENERAL | |
| campo de control de longitud fija | ta |
| 008 - DATOS DE LONGITUD FIJA--INFORMACIÓN GENERAL | |
| campo de control de longitud fija | 240429s2009 sp ||||| |||| 00| 0 spa d |
| 020 ## - NÚMERO INTERNACIONAL ESTÁNDAR DEL LIBRO | |
| Número Internacional Estándar del Libro | 9788493693091 |
| 040 ## - FUENTE DE CATALOGACIÓN | |
| Centro/agencia transcriptor | ES-MaACL |
| 100 1# - ENTRADA PRINCIPAL--NOMBRE DE PERSONA | |
| Nombre de persona | Ramos Rubio, José Antonio, |
| Fechas asociadas al nombre | 1963- |
| 9 (RLIN) | 174430 |
| 245 10 - MENCIÓN DEL TÍTULO | |
| Título | Cáceres, ciudad inmemorial / |
| Mención de responsabilidad, etc. | por José Antonio Ramos Rubio. |
| 260 ## - PUBLICACIÓN, DISTRIBUCIÓN, ETC. | |
| Fecha de publicación, distribución, etc. | 2009 |
| 264 #1 - PRODUCCIÓN, PUBLICACIÓN, DISTRIBUCIÓN, FABRICACIÓN Y COPYRIGHT | |
| Producción, publicación, distribución, fabricación y copyright | Madrid : |
| Nombre del de productor, editor, distribuidor, fabricante | Ediciones Amberley, |
| Fecha de producción, publicación, distribución, fabricación o copyright | [2009] |
| 264 #4 - PRODUCCIÓN, PUBLICACIÓN, DISTRIBUCIÓN, FABRICACIÓN Y COPYRIGHT | |
| Fecha de producción, publicación, distribución, fabricación o copyright | @2009 |
| 300 ## - DESCRIPCIÓN FÍSICA | |
| Extensión | 128 páginas : |
| Otras características físicas | ilustraciones (blanco y negro) ; |
| Dimensiones | 24 cm |
| 500 ## - NOTA GENERAL | |
| Nota general | Catalogación provisional. Signatura: N 8657. Depósito J. |
| 651 #4 - PUNTO DE ACCESO ADICIONAL DE MATERIA--NOMBRE GEOGRÁFICO | |
| 9 (RLIN) | 7911 |
| Nombre geográfico | Cáceres- |
| Subdivisión de forma | Obras ilustradas |
| 651 #7 - PUNTO DE ACCESO ADICIONAL DE MATERIA--NOMBRE GEOGRÁFICO | |
| 9 (RLIN) | 146016 |
| Nombre geográfico | Cáceres- |
| Subdivisión de forma | Guías turísticas |
| 852 ## - LOCALIZACIÓN | |
| Ubicación | ES-MaACL |
| Sublocalización o colección | R.155065 |
| Ubicación en estantería | Depósito J |
| Número de control de estantería | N-8657 |
| Encuadernación | Rústica |
| itemnumber | 202041 |
| Donativo/Legado | Donación: José Antonio Ramos Rubio |
| Nota libre | En proceso |
| 903 ## - NOMBRE PERSONAL DE DONANTE | |
| a | Ramos Rubio, José Antonio, |
| d | 1963- |
| e | Donante |
| 9 | 174430 |
| 942 ## - ELEMENTOS DE ENTRADA SECUNDARIOS (KOHA) | |
| Tipo de ítem Koha | Libro impreso |
| Estatus retirado | Estado de pérdida | Fuente del sistema de clasificación o colocación | Estado de daño | No para préstamo | Biblioteca de origen | Biblioteca actual | Ubicación en estantería | Fecha de adquisición | Fuente de adquisición | Total de préstamos | Signatura topográfica completa | Código de barras | Visto por última vez | Precio de reemplazo | Tipo de ítem Koha |
|---|---|---|---|---|---|---|---|---|---|---|---|---|---|---|---|
| Clasificación decimal universal | Biblioteca del Ateneo de Madrid | Biblioteca del Ateneo de Madrid | Depósito J | 29/04/2024 | Donación | N-8657 | 101227292 | 29/04/2024 | 29/04/2024 | Libro impreso |
